MARC

LEADER 00000nam0a2200000 4500
001 323223
005 20231102003541.0
035 |a (RuTPU)RU\TPU\book\348781 
090 |a 323223 
100 |a 20161012d1883 k y0rusy50 ca 
101 0 |a rus 
102 |a RU 
105 |a a g 001zy 
200 1 |a Справочная книжка фоторгафа  |e сборник теоретических и практических сведений для занятий фотографией в её современном состоянии  |f В. Срезневский, редактор журнала "Фотограф" 
210 |a Санкт-Петербург  |c Типография А. С. Суворина  |d 1883 
215 |a 104 с.  |c ил. 
316 |5 63413507: 105//329  |a Владельческий переплет "Т.А.Реальн.У." 
316 |5 63413507: 105//329  |a На с. 105-106 рукописные заметки 
316 |5 63413507: 105//329  |a На переднем форзаце владельческий экслибрис: "Фундаментальная библиотека Томского реального училища. № по инвентарю 3781. Шкап 22. Полка 7. № книги на полке 33" 
316 |5 63413507: 105//329  |a На переднем форзаце круглые владельческие штампы: "Подотдел Профессион. Технич. Образов. Томское Губоко. Томский Педагогич. Техникум" 
317 |5 63413507: 105//329  |a Поступила в НТБ в 1924-1924 годах по распоряжению Наркомпроса 
320 |a Указатель предметов к первому и второму томам журнала "Фотограф": с. 97-102 
320 |a Указатель имен к первому и второму томам журнала "Фотограф": с. 103-104 
606 1 |a Фотография  |2 stltpush  |3 (RuTPU)RU\TPU\subj\64221  |9 81132 
610 1 |a оптика 
610 1 |a фотографические пленки 
610 1 |a фотографические пластины 
610 1 |a фотографические изображения 
610 1 |a фотографические методы 
610 1 |a фотографические процессы 
610 1 |a светопечать 
610 1 |a негативы 
610 1 |a объективы 
610 1 |a сенситометрия 
610 1 |a справочные пособия 
610 1 |a библиотека Томского Алексеевского Реального Училища (ТАРУ) 
610 1 |a владельческие знаки 
675 |a 77  |v 4 
700 1 |a Срезневский  |b В.  |g Вячеслав 
801 1 |a RU  |b 63413507  |c 20161012 
801 2 |a RU  |b 63413507  |c 20190415  |g RCR 
942 |c BK